| 000 | 01783nam1a2200289 i 4500 | ||
|---|---|---|---|
| 001 | RU\NLR\BIBL_A\012041458 | ||
| 005 | 20240921120559.0 | ||
| 035 | _a(NLR Aleph) 012041458 | ||
| 090 |
_a11604549 _c11604549 |
||
| 100 | _a20190604g20199999um y0rusy50 ca | ||
| 101 | 0 | _arus | |
| 102 | _aRU | ||
| 105 | _a||||j|||||||| | ||
| 200 | 1 |
_aУголовно-процессуальное право: общие положения _eсборник задач _fЮ.С. Мандрыка, Т.И. Джелали, Е.В. Денисенко _gФедеральное государственное казенное образовательное учреждение высшего образования "Ростовский юридический институт Министерства внутренних дел Российской Федерации" (ФГКОУ ВО РЮИ МВД России) |
|
| 210 |
_aРостов-на-Дону _cредакционно-издательское отделение НИиРИО ФГКОУ ВО РЮИ МВД России _d2019 |
||
| 215 | _d21 | ||
| 300 | _aВ вып. дан.: Ю.С. Мандрыка, Т.И. Джелали, к.ю.н., доц., Е.В. Денисенко, к.ю.н. | ||
| 606 | 1 |
_aУголовно-процессуальное право _jЗаконодательные материалы _yРоссийская Федерация _92207114 _3RU\NLR\AUTH\661326001 |
|
| 686 | 1 | _aХ629.3я73-4 | |
| 700 | 1 |
_aМандрыка _bЮ. С. _gЮлия Сергеевна |
|
| 701 | 1 |
_aДжелали _bТ. И. _gТатьяна Ивановна |
|
| 701 | 1 |
_aДенисенко _bЕ. В. _gЕвгения Викторовна |
|
| 852 |
_aNLR _j2019-4/4972 |
||
| 942 | _cBOOK | ||
| 980 | _aNBR | ||